1474 1949 1015 1552 1541 1798 1098 1867 1131 1666 1489 1335 1236 1918 1287 1984 1599 1487 1405 1107 1062 1217 1586 1404 1350 1149 1696 1188 1890 1419 1276 1939 1334 1491 1465 1685 1503 1688 1985 1807 1161 1174 1440 1790 1468 1507 1611 1621 1873 1684 1710 1866 1270 1300 1646 1590 1062 1664 1127 1833 1662 1341 1786 1217 1073 1996 1270 1995 1415 1795 1402 1867 1148 1968 1985 1871 1141 1919 1173 1585 1036 1029 1443 1847 1320 1918 1024 1187 1316 1448 1957 1947 1531 1024 2000 1952 1191 1343 1005 BCNSPRNW ULIB Ver.6.0+V

เปลี่ยนเป็นภาษาไทย

Change to English
 แสดงรายละเอียดบรรณานุกรม
  กลับหน้าหลัก

Brief Record : Get Marc (ISO 2709) : E-mail record : QR code < ปิดหน้าต่าง
LEADER : 00000nam 2200000uu 4500
001    13399125009
003     ULIB
008    160529s2554||||th 000 0 tha d
020    ^a9789744226150
060  4 ^aWS200^bพ482
245 00 ^aPocket book of pediatrics. /^cศรีศุภลักษณ์ สิงคาลวณิช, สมใจ กาญจนพงศ์กุล, ศิริลักษณ์ เจนนุวัตร, บรรณาธิการ
250    ^aพิมพ์ครั้งแรก
260    ^a[นนทบุรี] :^bสถาบันสุขภาพเด็กแห่งชาติมหาราชินี,^c2554.
300    ^axviii, 618 หน้า :^bภาพประกอบ
650  7 ^aโรค^xในวัยทารกและเด็ก
650  7 ^aกุมารเวชศาสตร์
650  7 ^aเด็ก^xโรค
700 0  ^aศิริลักษณ์ เจนนุวัตร,^eบรรณาธิการ
700 0  ^aสมใจ กาญจนพงศ์กุล,^eบรรณาธิการ
700 0  ^aศรีศุภลักษณ์ สิงคาลวณิช,^eบรรณาธิการ
710 2  ^aสถาบันสุขภาพเด็กแห่งชาติมหาราชินี
945    ^p400^l0^i001035
945    ^p400^l0^i001036
945    ^p400^l0^i001037
945    ^p400^l0^i001038
945    ^p400^l0^i001039
945    ^p400^l0^i001040
945    ^p400^l0^i001041
999    ^aเกษร โพธิ์สุวรรณ
รายการนี้ยังไม่มีแท็ก
คุณยังไม่ได้ล็อกอิน คุณสามารถมีกิจกรรมร่วมกับเว็บไซต์ได้ แต่ต้องล็อกอินก่อน ::
  ล็อกอิน

รายการสื่อสารสนเทศ

ลำดับที่ ประเภท เลขเรียก/บาร์โค้ด สถานที่ สถานะ
1. วิทยาศาสตร์การแพทย์ และสุขภาพ
หนังสือสำรอง
สถานะ=หนังสือสำรอง
WS200 พ482 ฉ.1 
  Barcode: 001035
ห้องสมุดวิทยาเขตสวรรค์ประชารักษ์
►ส่วนจัดเก็บหนังสือเก่า สปร
บนชั้น
  ขอยืม
2. วิทยาศาสตร์การแพทย์ และสุขภาพ
วิทยาศาสตร์การแพทย์ และสุขภาพ
WS200 พ482 ฉ.2 
  Barcode: 001036
ห้องสมุดวิทยาเขตสวรรค์ประชารักษ์
►ส่วนจัดเก็บหนังสือเก่า สปร
บนชั้น
  ขอยืม
3. วิทยาศาสตร์การแพทย์ และสุขภาพ
วิทยาศาสตร์การแพทย์ และสุขภาพ
WS200 พ482 ฉ.3 
  Barcode: 001037
ห้องสมุดวิทยาเขตสวรรค์ประชารักษ์
►ส่วนจัดเก็บหนังสือเก่า สปร
บนชั้น
  ขอยืม
4. วิทยาศาสตร์การแพทย์ และสุขภาพ
วิทยาศาสตร์การแพทย์ และสุขภาพ
WS200 พ482 ฉ.4 
  Barcode: 001038
ห้องสมุดวิทยาเขตสวรรค์ประชารักษ์
►ส่วนจัดเก็บหนังสือเก่า สปร
บนชั้น
  ขอยืม
5. วิทยาศาสตร์การแพทย์ และสุขภาพ
วิทยาศาสตร์การแพทย์ และสุขภาพ
WS200 พ482 ฉ.5 
  Barcode: 001039
ห้องสมุดวิทยาเขตสวรรค์ประชารักษ์
►ส่วนจัดเก็บหนังสือเก่า สปร
บนชั้น
  ขอยืม
6. วิทยาศาสตร์การแพทย์ และสุขภาพ
วิทยาศาสตร์การแพทย์ และสุขภาพ
WS200 พ482 ฉ.6 
  Barcode: 001040
ห้องสมุดวิทยาเขตสวรรค์ประชารักษ์
►ส่วนจัดเก็บหนังสือเก่า สปร
บนชั้น
  ขอยืม
7. วิทยาศาสตร์การแพทย์ และสุขภาพ
วิทยาศาสตร์การแพทย์ และสุขภาพ
WS200 พ482 ฉ.7 
  Barcode: 001041
ห้องสมุดวิทยาเขตสวรรค์ประชารักษ์
►ส่วนจัดเก็บหนังสือเก่า สปร
บนชั้น
  ขอยืม

รายการใกล้เคียง
    หัวเรื่อง [กุมารเวชศาสตร์]

BibComment


ยังไม่เคยถูกคอมเมนท์

คอมเมนท์ทรัพยากรรายการนี้
  คอมเมนท์: Pocket book of p..


 Copyright 2026. Bcnsprnw @Library